000 00621nam a2200217 i 4500
001 bgj
245 1 0 _aZeitschrift für Literaturwissenschaft und Linguistik.
_chrsg. von Helmut Kreuzer [et al.].
_nHeft 6/1972 /
246 1 _aZur Behandlung vom Comics im Literaturunterricht.
260 _aFrankfurt am Main :
_bAthenäum,
_c1972.
300 _aS. [67]-77 ;
_c23 cm.
505 _aSonderdruck
650 9 _aLiteratura
700 1 _aKREUZER, Helmut.
700 1 _aWERMKE, Jutta.
040 _cBPK
041 0 _ager
044 _aDEU
080 _a82
942 _cKS
008 s gw f |000 0 ger
999 _c49945
_d49945
856 _uhttp://koha.tu.koszalin.pl/cgi-bin/koha/opac-detail.pl?biblionumber=49945
_yKatalog online BPK